=LDR 00000nam 2200000 4500 =001 INLIS000000000038337 =005 20130612144017 =008 ***********************************Ind** =035 ##$$0010-061300000038337 =041 ##$$a Ind =082 ##$$a 641.5 =090 ##$$a 641.5, Agu i =100 ##$$a Agung, Eva Waty =245 ##$$a Ikan goreng lezat sarat bumbu, Eva Waty Agung; Editor, Intarina Hardiman =260 ##$$a 2007 $b Jakarta =300 ##$$a 84 hlm, Ilus, 25 cm =650 ##$$a Masakan, Resep =700 ##$$a Hardiman, Intarina =850 ##$$a NBPNMAT